La trucha

Este numero tiene como centro los modelos educativos de las instituciones de rurales de Usme, los cuales son tan diversos como el espíritu de los cuales son tan diversos como el espíritu de cada colegio y aunque se atiendan poblaciones semejantes, cada institución plantea una forma diferente de llev...

Ausführliche Beschreibung

Gespeichert in:
Bibliographische Detailangaben
Körperschaft: Bogotá D.C. - IED. El Destino y otros colegios rurales
Format: Zeitschrift
Sprache:Spanish
Veröffentlicht: Bogotá : Bogotá D.C. - IED. El Destino y otros colegios rurales, 2017 -
Schlagworte:
Online Zugang:Enlace del recurso
Tags: Tag hinzufügen
Keine Tags, Fügen Sie den ersten Tag hinzu!

MARC

LEADER 00000nas a2200000 a 4500
001 001688
003 OSt
005 20191126085311.0
008 191126c2017 ck r p l0 0 spa d
999 |c 7186  |d 7186 
022 |a 2590-7433 
040 |b spa  |c CNA-IDEP 
041 |a spa 
090 |a Tru 
110 2 |a Bogotá D.C. - IED. El Destino y otros colegios rurales   |9 13451 
222 |a La trucha 
245 1 0 |a La trucha   |c Bogotá D.C. - IED. El Destino y otros colegios rurales   |h [Revista] 
260 |a Bogotá :  |b Bogotá D.C. - IED. El Destino y otros colegios rurales,   |c 2017 - 
300 |a n.:  |b il.;  |c 28 x 21 cm 
310 |a Mensual 
362 |a 2017 Sep. 
500 |a Descripción basada en: No 3 (Año 2014) 
520 3 |a Este numero tiene como centro los modelos educativos de las instituciones de rurales de Usme, los cuales son tan diversos como el espíritu de los cuales son tan diversos como el espíritu de cada colegio y aunque se atiendan poblaciones semejantes, cada institución plantea una forma diferente de llevar a cabo los procesos pedagógicos, didácticos y evaluativos con los que se forman niños, niñas y adolescentes de la ruralidad y lo barrios cercanos a este,siempre buscando brindar calidad y pertinencia de la educación ofrecida para mantener una identidad campesina, sin dejar de lado los ritmos y necesidades de un mundo globalizado e interconectado. 
650 1 7 |2 Unesco  |a Innovación educacional  |v Publicación seriada  |9 13455 
650 1 7 |2 Unesco  |a Enseñanza gratuita  |v Publicación seriada   |9 13456 
650 1 7 |2 Unesco  |a Escuela rural   |v Publicación seriada   |9 13457 
942 |2 LOC  |c CR 
856 |u https://catalogo.idep.edu.co/cgi-bin/koha/opac-detail.pl?biblionumber=7186  |z Enlace del recurso